Presidential Line of Succession - Statistics

General Stats
  • This quiz has been taken 37 times
    13 since last reset
  • The average score is 2 of 18
Answer Stats
Hint Answer % Correct
Vice President Mike Pence
100%
Speaker of the House Paul Ryan
31%
Secretery of State Rex Tillerson
23%
Secretary of Education Betsy DeVos
15%
Attorney General Jeff Sessions
15%
Secretary of Energy Rick Perry
15%
Secretary of Housing and Urban Development Ben Carson
8%
Secretary of Transportation Elaine Chao
8%
Secretary of Defense James Mattis
8%
President pro tempore of the Senate Orrin Hatch
8%
Secretery of the Treasury Steven Mnuchin
8%
Secretary of Commerce Wilbur Ross
8%
Secretary of Labor Alexander Acosta
0%
Secretary of Veterans' Affairs David Shulkin
0%
Secretary of Homeland Security Elaine Duke
0%
Secretary of Health and Human Services Eric Hargan
0%
Secretary of the Interior Ryan Zinke
0%
Secertary of Agriculture Sonny Perdue
0%
No matching quizzes found
Score Distribution
Percent of People with Each Score
Percentile by Number Answered
Your Score History
You have not taken this quiz since the last reset